[Event "Druzynowe Mistrzostwa Polski w Szachach I LIGA 2021"]
[Site "Szklarska Poreba"]
[Date "1899-12-30"]
[Round "8.69"]
[White "Skomial, Mateusz"]
[Black "Jarzebowski, Kacper"]
[Result "0-1"]
[WhiteTitle "I++"]
[BlackTitle "k+"]
[WhiteElo "2062"]
[BlackElo "2090"]

1. e4 c6 2. d4 d5 3. Nc3 dxe4 4. Nxe4 Nf6 5. Nxf6+ exf6 6. Bc4 Bd6 7. Qe2+ Qe7
8. Qxe7+ Kxe7 9. Ne2 Bf5 10. c3 Nd7 11. Ng3 Bg6 12. O-O Rhe8 13. f4 Nb6 14. Bb3
f5 15. h4 h5 16. c4 c5 17. d5 Kf8 18. Kh2 Be7 19. Kh3 Bf6 20. Rb1 a5 21. a4 Nc8
22. Bc2 Nd6 23. Bd3 Bd4 24. Bd2 Re7 25. Rfe1 Rxe1 26. Bxe1 Ke7 27. Ne2 Bf6 28.
Bf2 b6 29. Ng3 Kd7 30. Re1 Rh8 31. Re2 Bd8 32. Be1 Bc7 33. Bc3 f6 34. Bd2 Kd8
35. Kh2 Re8 36. Rxe8+ Bxe8 37. Bxf5 Nxc4 38. Bc1 g6 39. Bd3 Nd6 40. b3 f5 41.
Ne2 Bf7 42. Nc3 Kd7 43. Kg3 Bd8 44. Bc4 Bf6 45. Nb5 Ne4+ 46. Kh3 Ba1 47. g3 Nf6
48. d6 Bxc4 49. bxc4 Ne4 50. Be3 Bc3 51. Bg1 Be1 52. Bh2 Bb4 0-1

[Event "Druzynowe Mistrzostwa Polski w Szachach I LIGA 2021"]
[Site "Szklarska Poreba"]
[Date "1899-12-30"]
[Round "8.70"]
[White "Janeczko, Jakub"]
[Black "Kulesza, Andrzej"]
[Result "1/2-1/2"]
[WhiteTitle "I++"]
[BlackTitle "I++"]
[WhiteElo "2007"]
[BlackElo "1983"]

1. e4 c5 2. Nf3 d6 3. d4 cxd4 4. Nxd4 Nf6 5. Nc3 a6 6. Be2 e5 7. Nb3 Be7 8. g4
Be6 9. g5 Nfd7 10. Rg1 Nb6 11. Be3 N8d7 12. h4 Qc7 13. Qd2 O-O-O 14. O-O-O Kb8
15. f4 g6 16. Bf2 Rc8 17. Qe3 Rhd8 18. fxe5 dxe5 19. Rxd7 Rxd7 20. Qxb6 Qxb6 21.
Bxb6 Bb4 22. Rd1 Bxc3 23. Rxd7 Bxb2+ 24. Kxb2 Bxd7 25. Bc5 Rc6 26. Be7 Kc7 27.
c4 Re6 28. Bf6 b6 29. c5 Bb5 30. Bxb5 axb5 31. Ka3 Kc6 32. Kb4 Re8 33. cxb6 Ra8
34. Nc5 Kxb6 35. Nd7+ Kc7 36. Nxe5 Rxa2 37. Kxb5 Re2 38. Kc5 Rxe4 39. Kd5 Rxh4
40. Nxf7 Kd7 41. Ne5+ Ke8 42. Ke6 h6 43. Nxg6 hxg5 44. Bxg5 Rg4 45. Kf5 Rxg5+
46. Kxg5 1/2-1/2

[Event "Druzynowe Mistrzostwa Polski w Szachach I LIGA 2021"]
[Site "Szklarska Poreba"]
[Date "1899-12-30"]
[Round "8.71"]
[White "Paprocki, Antoni"]
[Black "Mulawa, Cyprian"]
[Result "0-1"]
[WhiteTitle "I++"]
[BlackTitle "I"]
[WhiteElo "1894"]
[BlackElo "1981"]

1. c4 g6 2. Nc3 Bg7 3. g3 c5 4. Bg2 Nc6 5. e4 e5 6. Nge2 Nge7 7. d3 d6 8. a3 O-O
9. Rb1 f5 10. exf5 gxf5 11. f4 a5 12. O-O Be6 13. Be3 b6 14. Nd5 Rb8 15. Nec3
Qd7 16. Qa4 h6 17. Qb5 Qd8 18. Nxe7+ Nxe7 19. Nd5 Nxd5 20. cxd5 Bd7 21. Qb3 a4
22. Qc2 Qc7 23. Rbe1 Rbe8 24. Bd2 Qb8 25. Bc3 b5 26. b4 axb3 27. Qxb3 Qb6 28.
Kh1 Kh7 29. Qb2 Qc7 30. Rf2 exf4 31. Rxe8 Bxe8 32. Rxf4 Be5 33. Rf1 Bxc3 34. Qxc3
Qg7 35. Qd2 Bd7 36. Qf4 Qe5 37. Qf2 Kg7 38. g4 f4 39. Be4 c4 40. Qf3 c3 41. Rg1
Be8 42. d4 Qxd4 43. g5 h5 44. Rc1 Bg6 45. Bxg6 Kxg6 46. Rxc3 Kxg5 47. h4+ Kxh4
48. Qh3+ Kg5 49. Rc7 Qxd5+ 50. Kh2 Qd2+ 51. Kh1 Qe1+ 52. Kh2 Re8 53. Rg7+ Kh6
54. Rg2 Re2 55. Rxe2 Qxe2+ 56. Kh1 Qe1+ 57. Kh2 Qg3+ 0-1

[Event "Druzynowe Mistrzostwa Polski w Szachach I LIGA 2021"]
[Site "Szklarska Poreba"]
[Date "1899-12-30"]
[Round "8.72"]
[White "Rejniak, Zuzanna"]
[Black "Budkiewicz, Magdalena"]
[Result "1/2-1/2"]
[WhiteTitle "k"]
[BlackTitle "k"]
[WhiteElo "1810"]
[BlackElo "1827"]

1. e4 c5 2. Nf3 d6 3. d4 cxd4 4. Qxd4 Nc6 5. Bb5 Bd7 6. Bxc6 Bxc6 7. Nc3 e6 8.
Bg5 Nf6 9. O-O-O Be7 10. Qd3 O-O 11. Nd4 Qa5 12. h4 Rac8 13. Kb1 a6 14. f4 h6
15. Bxf6 Bxf6 16. g4 Qb4 17. g5 Bxd4 18. Qxd4 Qxd4 19. Rxd4 Rfd8 20. Rhd1 hxg5
21. hxg5 Kf8 22. Rxd6 Rxd6 23. Rxd6 Ke7 24. Rd1 Rh8 25. a4 Rh2 26. e5 Rh4 27.
Rd4 f6 28. exf6+ gxf6 29. gxf6+ Kxf6 30. Ne4+ Bxe4 31. Rxe4 Kf5 32. Re5+ 1/2-1/2

[Event "Druzynowe Mistrzostwa Polski w Szachach I LIGA 2021"]
[Site "Szklarska Poreba"]
[Date "1899-12-30"]
[Round "8.73"]
[White "Lewtak, Damian"]
[Black "Psyk, Radoslaw"]
[Result "1/2-1/2"]
[WhiteTitle "IM"]
[BlackTitle "k++"]
[WhiteElo "2397"]
[BlackElo "2400"]

1. d4 Nf6 2. c3 e6 3. Bf4 b6 4. e3 Bb7 5. h3 Bd6 6. Bxd6 cxd6 7. Nd2 O-O 8. Ne2
d5 9. Ng3 d6 10. Bd3 Ba6 11. Bxa6 Nxa6 12. Qe2 Nc7 13. a4 Qd7 14. O-O e5 15. Rfc1
Rfe8 16. Qd3 e4 17. Qe2 g6 18. c4 h5 19. Qd1 a5 20. Ne2 dxc4 1/2-1/2

[Event "Druzynowe Mistrzostwa Polski w Szachach I LIGA 2021"]
[Site "Szklarska Poreba"]
[Date "1899-12-30"]
[Round "8.74"]
[White "Zaskalski, Arkadiusz"]
[Black "Kumala, Aleksander"]
[Result "1/2-1/2"]
[WhiteTitle "k"]
[BlackTitle "CM"]
[WhiteElo "2160"]
[BlackElo "2140"]

1. c4 e5 2. Nc3 Nc6 3. g3 g6 4. Bg2 Bg7 5. Rb1 d6 6. e3 a5 7. a3 f5 8. Nge2 Nf6
9. O-O O-O 10. b4 axb4 11. axb4 Ne7 12. b5 Kh8 13. Nd5 Nexd5 14. cxd5 b6 15. d3
Ra7 16. Qc2 Bb7 17. e4 Nd7 18. Bd2 Nc5 19. Bc3 Qd7 20. f4 fxe4 21. dxe4 Rfa8 22.
fxe5 dxe5 23. Nc1 Bc8 24. Nd3 Ra2 25. Rb2 Rxb2 26. Bxb2 Nxd3 27. Qxd3 Ra5 28.
Rc1 Rxb5 29. Rxc7 Qxc7 30. Qxb5 Bd7 31. Qb4 Qc5+ 32. Qxc5 bxc5 33. Bf1 Kg8 34.
Bc4 Kf7 35. d6+ Ke8 36. Ba3 Bc6 37. Bxc5 Kd7 38. Bd3 Bf8 39. Kf2 Bxd6 40. Bxd6
Kxd6 41. h4 h6 42. Ke3 Kc5 43. Ba6 Kb4 44. Bf1 Bb5 45. Bh3 Kc3 46. Be6 Bc4 47.
Bd7 Kc2 48. Be8 g5 49. hxg5 hxg5 50. Bh5 Be6 51. Be2 Bh3 52. Bh5 Kc3 53. Be2 Be6
54. Bb5 Bg4 55. Ba4 Kb4 1/2-1/2

[Event "Druzynowe Mistrzostwa Polski w Szachach I LIGA 2021"]
[Site "Szklarska Poreba"]
[Date "1899-12-30"]
[Round "8.75"]
[White "Cajbel, Maciej"]
[Black "Markiewicz, Jerzy"]
[Result "1/2-1/2"]
[WhiteTitle "k"]
[BlackTitle "FM"]
[WhiteElo "2192"]
[BlackElo "2197"]

1. e4 c5 2. Nc3 e6 3. f4 d5 4. Nf3 dxe4 5. Nxe4 Nf6 6. Bb5+ Bd7 7. Bxd7+ Nbxd7
8. Qe2 Be7 9. f5 Nxe4 10. Qxe4 exf5 11. Qxf5 O-O 12. O-O Nb8 13. d3 Nc6 14. Be3
b6 15. c3 Bf6 16. Rad1 Qc8 17. Qh5 Qe6 18. Bg5 Bxg5 19. Nxg5 Qg6 20. Qxg6 hxg6
21. Nf3 Rad8 22. Rd2 Rd6 23. Rfd1 Rfd8 24. d4 cxd4 25. Nxd4 Nxd4 26. Rxd4 Rxd4
27. cxd4 f6 1/2-1/2

[Event "Druzynowe Mistrzostwa Polski w Szachach I LIGA 2021"]
[Site "Szklarska Poreba"]
[Date "1899-12-30"]
[Round "8.76"]
[White "Augustyn, Sebastian"]
[Black "Puczylowski, Marcin"]
[Result "1/2-1/2"]
[WhiteTitle "k"]
[BlackTitle "k"]
[WhiteElo "2147"]
[BlackElo "2103"]

1. d4 Nf6 2. Bf4 d6 3. Nc3 Nbd7 4. d5 e5 5. dxe6 fxe6 6. e4 Be7 7. Nf3 e5 8. Bg5
Nc5 9. Bxf6 Bxf6 10. Bc4 c6 11. a4 Be6 12. Qe2 Qe7 13. b4 d5 14. Ba2 dxe4 15.
Nxe4 Nxe4 16. Qxe4 Bd5 17. Bxd5 cxd5 18. Qxd5 e4 19. O-O-O Qxb4 20. Nd4 Qxa4 21.
Qxe4+ Kf7 22. Qd5+ Kg6 23. Qe4+ Kf7 24. Qd5+ Kg6 25. Qe4+ 1/2-1/2

[Event "Druzynowe Mistrzostwa Polski w Szachach I LIGA 2021"]
[Site "Szklarska Poreba"]
[Date "1899-12-30"]
[Round "8.77"]
[White "Zurkowski, Andrzej"]
[Black "Mika, Tomasz"]
[Result "1/2-1/2"]
[WhiteTitle "k+"]
[BlackTitle "I++"]
[WhiteElo "2031"]
[BlackElo "2137"]

1. d4 Nf6 2. Nf3 g6 3. g3 Bg7 4. Bg2 O-O 5. O-O d5 6. Nbd2 a5 7. c4 c6 8. Ne5 a4
9. Qc2 Ng4 10. Nef3 Nf6 11. h3 Bf5 12. Qd1 Ne4 13. g4 Be6 14. cxd5 Bxd5 15. Nxe4
Bxe4 16. Be3 Nd7 17. Qd2 Nb6 18. Rac1 Nd5 19. Bh6 Qd6 20. Bxg7 Kxg7 21. e3 f6
22. Ne1 Bxg2 23. Nxg2 Rh8 24. e4 Nc7 25. Qe3 h5 26. e5 Qd7 27. exf6+ exf6 28.
g5 Rhf8 29. Rce1 Rae8 30. Qg3 fxg5 31. Qxg5 Ne6 32. Qe5+ Kh7 33. Qg3 Nxd4 34.
Rxe8 Rxe8 35. Kh1 Rf8 36. f4 Nf5 37. Qf3 Re8 38. Rd1 Qf7 39. a3 Kh6 40. Kh2 Qc4
41. Rd2 Qe4 42. Qc3 Ne3 43. Qxe3 Qxe3 44. Nxe3 Rxe3 45. Rd4 b5 46. Rd6 Rf3 47.
Rxc6 Rxf4 48. Kg3 Rf5 49. Rb6 Kg7 50. h4 Kf7 51. Rb7+ Ke8 52. Rb8+ Kd7 53. Rb6
g5 54. hxg5 Rxg5+ 55. Kf4 Rc5 56. Ke4 Kc7 57. Rh6 Rc2 58. Rxh5 Rxb2 59. Kd4 Kb6
60. Rh3 Rc2 61. Kd3 Ra2 62. Kd4 Ka5 63. Rg3 Rc2 64. Rh3 Kb6 65. Rg3 Rc6 66. Rg8
Rc4+ 67. Kd3 Rc1 68. Rg3 Rc5 69. Kd4 Rc4+ 70. Kd3 Ka5 71. Rh3 Rc5 72. Kd4 Rc8
73. Rg3 Rb8 1/2-1/2

[Event "Druzynowe Mistrzostwa Polski w Szachach I LIGA 2021"]
[Site "Szklarska Poreba"]
[Date "1899-12-30"]
[Round "8.78"]
[White "Mirowska, Oliwia"]
[Black "Kasperek, Joanna"]
[Result "1-0"]
[WhiteTitle "k"]
[BlackTitle "k++"]
[WhiteElo "1778"]
[BlackElo "2053"]

1. e4 c5 2. Nf3 e6 3. d4 cxd4 4. Nxd4 a6 5. Nc3 b5 6. Bd3 Bb7 7. O-O b4 8. Na4
Nc6 9. Be3 Nf6 10. Qe2 Be7 11. f4 h5 12. Kh1 h4 13. Rad1 Qa5 14. Nxc6 Bxc6 15.
Nb6 h3 16. Bd4 Rb8 17. Nc4 hxg2+ 18. Qxg2 Qh5 19. Rd2 d5 20. Na5 Ba8 21. e5 Ne4
22. Re2 Rh6 23. Bxe4 dxe4 24. Re3 Bd5 25. Nb3 Kd7 26. Bc5 Rbh8 27. h3 Qf5 28.
Kh2 Rg6 29. Qd2 Bg5 30. Qf2 Bh4 31. Qe2 Be7 32. Qxa6 Bd8 33. Bd6 Bc6 34. Nc5+
1-0

[Event "Druzynowe Mistrzostwa Polski w Szachach I LIGA 2021"]
[Site "Szklarska Poreba"]
[Date "1899-12-30"]
[Round "9.1"]
[White "Klekowski, Maciej"]
[Black "Tomczak, Jacek"]
[Result "1/2-1/2"]
[WhiteTitle "GM"]
[BlackTitle "GM"]
[WhiteElo "2510"]
[BlackElo "2589"]

1. d4 d5 2. Nf3 Nf6 3. c4 dxc4 4. e3 e6 5. Bxc4 c5 6. Nc3 a6 7. O-O b5 8. Be2 Bb7
9. dxc5 Bxc5 10. Qxd8+ Kxd8 11. a3 Nbd7 12. b4 Bd6 13. Bb2 Ke7 14. Nd4 Rhc8 15.
Rfc1 Rc7 16. a4 bxa4 17. b5 a3 18. Bxa3 Bxa3 19. Rxa3 axb5 1/2-1/2

[Event "Druzynowe Mistrzostwa Polski w Szachach I LIGA 2021"]
[Site "Szklarska Poreba"]
[Date "1899-12-30"]
[Round "9.2"]
[White "Laurusas, Tomas"]
[Black "Seemann, Jakub"]
[Result "1/2-1/2"]
[WhiteTitle "IM"]
[BlackTitle "FM"]
[WhiteElo "2574"]
[BlackElo "2294"]

1. c4 Nf6 2. d4 e6 3. Nc3 Bb4 4. e3 O-O 5. Bd2 d5 6. Rc1 b6 7. cxd5 exd5 8. Nf3
Bb7 9. Qb3 Bd6 10. Nb5 Ne4 11. Be2 Nxd2 12. Nxd2 c6 13. Nxd6 Qxd6 14. O-O Nd7
15. Rfd1 Nf6 16. a3 Rfc8 17. h3 g6 18. Rc2 Kg7 19. Rdc1 Re8 20. a4 Rab8 21. a5
Nd7 22. Bg4 f5 23. Be2 c5 24. Qa3 Qf6 25. dxc5 bxc5 26. Nb3 c4 27. Nc5 Nxc5 28.
Qxc5 a6 29. Rd1 Rec8 30. Qa7 Kg8 31. Bf3 Qf7 32. Rcd2 Qc7 33. Qd4 Rd8 34. h4 Qxa5
35. Qf6 Qc7 36. Rxd5 Bxd5 37. Bxd5+ Rxd5 38. Rxd5 c3 39. Qe6+ Qf7 40. Qe5 Re8
41. Qd6 cxb2 42. Rd1 Qb3 43. Rb1 Qa2 44. Qd3 a5 45. Kh2 Rb8 46. Qd6 Rb7 47. Qc5
Qxb1 48. Qc8+ Kg7 49. Qxb7+ Kh6 50. Qb8 Qe4 51. Qxb2 Qxh4+ 52. Kg1 Qb4 53. Qc1
Qe4 54. Qc7 Qb1+ 55. Kh2 Qb4 56. f3 Qh4+ 57. Kg1 Qe1+ 58. Kh2 Qh4+ 59. Kg1 a4
60. Qc5 Qe1+ 61. Kh2 Qh4+ 62. Kg1 Qf6 63. Kh2 Qe6 64. Qb4 Qxe3 65. Qh4+ Kg7 66.
Qxa4 h5 67. Qd7+ Kh6 68. Qd6 Qc3 69. Qf8+ Qg7 70. Qd6 Qf7 71. Qe5 g5 72. f4 gxf4
1/2-1/2

[Event "Druzynowe Mistrzostwa Polski w Szachach I LIGA 2021"]
[Site "Szklarska Poreba"]
[Date "1899-12-30"]
[Round "9.3"]
[White "Barski, Radoslaw"]
[Black "Warakomski, Tomasz"]
[Result "1/2-1/2"]
[WhiteTitle "IM"]
[BlackTitle "GM"]
[WhiteElo "2442"]
[BlackElo "2513"]

1. e4 c5 2. Nf3 e6 3. d4 cxd4 4. Nxd4 Nc6 5. Nc3 Qc7 6. Be3 a6 7. Bd3 Nf6 8. O-O
Nxd4 9. Bxd4 Bc5 10. Bxc5 Qxc5 11. Qe2 d6 12. Kh1 b5 13. a4 b4 14. Nb1 a5 15.
Nd2 O-O 16. f4 Bb7 17. e5 dxe5 18. fxe5 Nd7 19. Rae1 Bd5 20. Rf4 f5 21. exf6 Nxf6
22. Nc4 Nd7 23. Rxf8+ Rxf8 24. Ne3 Bc6 25. Ng4 Bxa4 26. Qxe6+ Kh8 27. Qe4 g6 28.
b3 Bc6 29. Qe6 Qc3 30. Rf1 a4 31. bxa4 Bxa4 32. h3 Rxf1+ 33. Bxf1 Qa1 34. Qe8+
Kg7 35. Qe7+ Kh8 36. Qe8+ 1/2-1/2

[Event "Druzynowe Mistrzostwa Polski w Szachach I LIGA 2021"]
[Site "Szklarska Poreba"]
[Date "1899-12-30"]
[Round "9.4"]
[White "Kantans, Toms"]
[Black "Karolczuk, Iwo"]
[Result "1-0"]
[WhiteTitle "GM"]
[BlackTitle "k+"]
[WhiteElo "2481"]
[BlackElo "2383"]

1. Nf3 c5 2. c4 g6 3. d4 Bg7 4. e4 d6 5. Nc3 Nc6 6. d5 Na5 7. h3 e6 8. dxe6 Bxe6
9. Nb5 Qb6 10. Qxd6 Qxd6 11. Nxd6+ Ke7 12. Bd2 Bxb2 13. Rb1 Kxd6 14. Bxa5 b6 15.
Rxb2 bxa5 16. e5+ Kc7 17. Bd3 Ne7 18. Kd2 Rab8 19. Rhb1 Rb4 20. a3 Rb6 21. Kc3
Rd8 22. Be4 Nc8 23. Rb5 Kb8 24. Rxc5 Rxb1 25. Bxb1 Nb6 26. Bc2 Bf5 27. g4 Bxc2
28. Kxc2 Kb7 29. Ng5 Rd7 30. Ne4 Rd4 31. Nd6+ Ka6 32. Rc6 1-0

[Event "Druzynowe Mistrzostwa Polski w Szachach I LIGA 2021"]
[Site "Szklarska Poreba"]
[Date "1899-12-30"]
[Round "9.5"]
[White "Walter, Szymon"]
[Black "Schippers, Maurice"]
[Result "1/2-1/2"]
[WhiteTitle "FM"]
[BlackTitle "FM"]
[WhiteElo "2284"]
[BlackElo "2285"]

1. e4 c5 2. Nf3 e6 3. d4 cxd4 4. Nxd4 Nc6 5. Nc3 d6 6. Be3 Nf6 7. f3 Be7 8. Qe2
e5 9. Nb3 Be6 10. O-O-O O-O 11. g4 Rc8 12. Kb1 a6 13. h4 Na5 14. Qe1 Nc4 15. Bxc4
Rxc4 16. h5 Nd7 17. Qd2 Qc7 18. g5 Rc8 19. Nd5 Bxd5 20. Qxd5 Qc6 21. c3 Qxd5 22.
exd5 f5 23. gxf6 Nxf6 24. Bg5 Rf8 25. Rhg1 Rf7 26. Nd2 Rc8 27. Bxf6 Rxf6 28. Rg4
1/2-1/2

[Event "Druzynowe Mistrzostwa Polski w Szachach I LIGA 2021"]
[Site "Szklarska Poreba"]
[Date "1899-12-30"]
[Round "9.6"]
[White "Warakomska, Anna"]
[Black "Marcinczyk, Monika"]
[Result "1-0"]
[WhiteTitle "WGM"]
[BlackTitle "WCM"]
[WhiteElo "2279"]
[BlackElo "1982"]

1. e4 e5 2. Nf3 Nc6 3. Bb5 a6 4. Ba4 Nf6 5. d3 b5 6. Bb3 Bc5 7. O-O h6 8. c3 d6
9. Re1 O-O 10. Nbd2 Bb6 11. Nf1 Ne7 12. Ng3 Ng6 13. d4 exd4 14. Nxd4 Bb7 15. Ndf5
Re8 16. Bxh6 Nxe4 17. Nxe4 Bxe4 18. Rxe4 Rxe4 19. Qh5 d5 20. Bxg7 Rf4 21. Bxd5
Qc8 22. Ne7+ Kxg7 23. Nxc8 Bxf2+ 24. Kf1 Rxc8 25. Bf3 Bb6 26. g3 Rf6 27. Kg2 Rd8
28. Qg5 Rfd6 29. Re1 Rd2+ 30. Re2 Rd1 31. h4 R8d3 32. Qg4 Rg1+ 33. Kh2 Rf1 34.
Be4 Rdd1 35. h5 1-0

[Event "Druzynowe Mistrzostwa Polski w Szachach I LIGA 2021"]
[Site "Szklarska Poreba"]
[Date "1899-12-30"]
[Round "9.7"]
[White "Kovalenko, Igor"]
[Black "Skawinski, Arkadiusz"]
[Result "0-1"]
[WhiteTitle "GM"]
[BlackTitle "FM"]
[WhiteElo "2651"]
[BlackElo "2359"]

1. d4 d5 2. c4 c6 3. Nf3 Nf6 4. Nc3 e6 5. e3 Nbd7 6. Qc2 Bd6 7. b3 O-O 8. Bb2 b6
9. Bd3 Bb7 10. O-O Qe7 11. Rfe1 Rfe8 12. e4 dxc4 13. Bxc4 e5 14. Rad1 Rad8 15.
Ne2 b5 16. Bd3 a6 17. Ng3 g6 18. Qc1 c5 19. d5 Rc8 20. Bc3 Nb6 21. Nh4 Nfd7 22.
Qh6 Qf6 23. Nf3 c4 24. bxc4 Nxc4 25. Qh3 Ndb6 26. Ba1 Rc7 27. Ne2 Na4 28. Rc1
Nab2 29. Bb1 h5 30. Qg3 b4 31. h4 a5 32. Rc2 Na4 33. Nd2 Nxd2 34. Rxd2 Rec8 35.
Rd3 Ba6 36. Rf3 Qe7 37. Re3 Bxe2 38. R3xe2 Rc1 39. Kh2 Kh7 40. Qg5 Qxg5 41. hxg5
Rxe1 42. Rxe1 Nc3 43. Bxc3 Rxc3 44. Re2 Be7 45. Bc2 Kg7 46. g3 Bxg5 47. d6 Rc6
48. d7 Rd6 49. Ba4 Bd2 50. Kg2 Kf8 51. Kh3 Ke7 52. Bb5 g5 53. Kg2 Bc3 54. Re3
f6 55. Rf3 Bd4 56. Kf1 Bb6 57. Ke2 Rd4 58. Re3 Rxd7 59. Rb3 Rc7 60. Rb2 Bd4 61.
Rd2 Rc1 62. Kd3 h4 63. gxh4 gxh4 64. f4 Rc3+ 65. Ke2 h3 66. Kd1 Rg3 67. fxe5 fxe5
0-1

[Event "Druzynowe Mistrzostwa Polski w Szachach I LIGA 2021"]
[Site "Szklarska Poreba"]
[Date "1899-12-30"]
[Round "9.10"]
[White "Butkiewicz, Lukasz"]
[Black "Sabuk, Piotr"]
[Result "1/2-1/2"]
[WhiteTitle "IM"]
[BlackTitle "IM"]
[WhiteElo "2378"]
[BlackElo "2393"]

1. d4 d5 2. c4 e6 3. Nc3 Be7 4. cxd5 exd5 5. Bf4 Nf6 6. e3 O-O 7. Bd3 c5 8. Nge2
Nc6 9. dxc5 Bxc5 10. O-O Re8 11. Rc1 d4 12. Nb5 Bb6 13. Nbxd4 Nxd4 14. Nxd4 Bxd4
15. exd4 Be6 16. Bg5 Bd5 17. Bxf6 Qxf6 18. Qh5 Be4 19. Bxe4 Rxe4 20. Qd5 Qxd4
21. Qxb7 Rae8 22. g3 Re2 23. Rc8 g6 24. Rxe8+ Rxe8 25. Qb5 Re5 26. Qb8+ Kg7 27.
a4 h5 28. h4 g5 29. hxg5 h4 30. Qb3 Rxg5 31. Rd1 Qe5 32. Qc3 Qxc3 33. bxc3 hxg3
34. Rd7 gxf2+ 35. Kxf2 Ra5 36. Rd4 Rc5 37. Rd7 Ra5 1/2-1/2

[Event "Druzynowe Mistrzostwa Polski w Szachach I LIGA 2021"]
[Site "Szklarska Poreba"]
[Date "1899-12-30"]
[Round "9.11"]
[White "Dubinski, Mateusz"]
[Black "Mondrzycki, Bartlomiej"]
[Result "0-1"]
[WhiteTitle "FM"]
[BlackTitle "I++"]
[WhiteElo "2223"]
[BlackElo "2180"]

1. e4 Nf6 2. e5 Nd5 3. Nf3 Nb6 4. d4 d5 5. exd6 cxd6 6. Be2 g6 7. O-O Bg7 8. c3
O-O 9. Re1 Nc6 10. d5 Ne5 11. Nxe5 Bxe5 12. Be3 Bf5 13. Na3 Bf6 14. Nc4 Nxc4 15.
Bxc4 Qc7 16. Bb3 b5 17. Bd4 a5 18. Bxf6 exf6 19. Qd4 a4 20. Bd1 Rfe8 21. Rxe8+
Rxe8 22. Bf3 Qc4 23. Qd2 Be4 24. Re1 Re5 25. Bxe4 Rxe4 26. Rxe4 Qxe4 27. Qd1 Qc4
28. a3 Qa2 29. Qc1 Qxd5 30. Qc2 f5 31. h3 g5 32. Qe2 f4 33. h4 f3 34. Qe8+ Kg7
35. Qe7 gxh4 36. gxf3 h3 37. Qh4 Qf5 38. Qg3+ Kh6 39. Kh2 d5 40. f4 Kh5 41. f3
f6 42. Kh1 Qb1+ 43. Kh2 Qxb2+ 44. Kxh3 Qxc3 45. Qh4+ Kg6 46. Qg4+ Kh6 47. Qh4+
Kg7 48. Qg4+ Kf8 49. Qf5 Qxf3+ 50. Kh4 Qh1+ 51. Kg3 Ke7 52. Qd3 Qe1+ 53. Kh3 Ke6
54. Qxb5 Qe3+ 55. Kg2 Qxf4 56. Qe8+ Kf5 57. Qd7+ Kg6 58. Qe8+ Kh6 59. Qf8+ Kh5
60. Qf7+ Kg4 61. Qxd5 Qg3+ 62. Kf1 Qf3+ 0-1

[Event "Druzynowe Mistrzostwa Polski w Szachach I LIGA 2021"]
[Site "Szklarska Poreba"]
[Date "1899-12-30"]
[Round "9.13"]
[White "Niedbala, Bartlomiej"]
[Black "Sieciechowicz, Marcin"]
[Result "1/2-1/2"]
[WhiteTitle "FM"]
[BlackTitle "IM"]
[WhiteElo "2380"]
[BlackElo "2362"]

1. e4 c5 2. Nc3 d6 3. d4 cxd4 4. Qxd4 Nc6 5. Qd2 g6 6. b3 Bh6 7. f4 Nf6 8. Bb2
O-O 9. O-O-O a5 10. a4 Nh5 11. g3 e5 12. Kb1 Nd4 13. Nge2 Bg4 14. Nxd4 Bxd1 15.
Qxd1 exd4 16. Nd5 Bg7 17. Bc4 Rc8 18. g4 Nf6 19. Qxd4 Ne8 20. Qd3 Bxb2 21. Kxb2
Nf6 22. g5 Nxd5 23. Bxd5 Qe7 24. h4 h5 25. Rf1 Kh7 26. Kb1 Qc7 27. f5 Qe7 28.
Qd4 Qe5 29. Qxe5 dxe5 30. Kb2 b6 31. c4 f6 32. Kc3 Kg7 33. b4 axb4+ 34. Kxb4 Rc5
35. Be6 gxf5 36. Rxf5 fxg5 37. Rxg5+ Kf6 38. Bd5 Rh8 39. Rf5+ Kg6 40. Rxe5 Rf8
41. Re6+ Rf6 42. Rxb6 Rxc4+ 43. Kxc4 Rxb6 44. a5 Rb1 45. a6 Ra1 46. Kb5 Kf6 47.
Kb6 Rb1+ 48. Kc7 Ra1 49. Kb7 Rb1+ 50. Ka8 Ke7 51. Bb7 Kd7 52. Kb8 Rf1 53. Bc8+
Kc6 54. e5 Rg1 55. Bb7+ Kd7 56. Bc8+ Kc6 57. e6 Rb1+ 58. Bb7+ Kd6 59. a7 Ra1 60.
Bd5 Rb1+ 61. Kc8 Ra1 62. Kb7 Rb1+ 63. Kc8 Ra1 64. Kb8 Rb1+ 65. Bb7 Ra1 66. Bc8
Rb1+ 67. Bb7 1/2-1/2

[Event "Druzynowe Mistrzostwa Polski w Szachach I LIGA 2021"]
[Site "Szklarska Poreba"]
[Date "1899-12-30"]
[Round "9.16"]
[White "Budrewicz, Krzysztof"]
[Black "Redzisz, Michal"]
[Result "1/2-1/2"]
[WhiteTitle "m"]
[BlackTitle "FM"]
[WhiteElo "2188"]
[BlackElo "2219"]

1. d4 Nf6 2. c4 e6 3. Nf3 b6 4. g3 Ba6 5. b3 Bb4+ 6. Bd2 Bxd2+ 7. Qxd2 d5 8. cxd5
exd5 9. Bg2 O-O 10. O-O Re8 11. Re1 Nbd7 12. Nc3 Bb7 13. Rac1 c5 14. dxc5 Nxc5
15. e3 Nfe4 16. Qd4 Ne6 17. Qd1 Rc8 18. Nb5 Qf6 19. Rxc8 Rxc8 20. a4 Qb2 21. Re2
Rc1 22. Rxb2 Rxd1+ 23. Bf1 d4 24. Nbxd4 Nxd4 25. Nxd4 Ba6 26. Nb5 Bxb5 27. axb5
Nd2 28. Kg2 Nxf1 29. Ra2 g6 30. Rxa7 Kg7 31. Rb7 Rb1 32. Rd7 Nxe3+ 33. fxe3 Rxb3
34. Kf3 Rxb5 35. Rb7 Rf5+ 36. Ke2 Rf6 37. e4 Re6 38. Kf3 Kf6 39. Ke3 h5 40. h4
Rc6 41. Kf4 Ke6 42. Rb8 Kd6 43. Rb7 f6 44. Rg7 b5 45. Rxg6 Ke6 46. Rh6 Rc5 47.
Rh8 Kf7 48. Rb8 Kg6 49. Rb6 Kf7 50. Rb7+ Kg6 51. Re7 Kh6 52. Rd7 Kg6 53. Rb7 Kh6
54. Rb8 Kg7 55. Rb6 Kg6 1/2-1/2

[Event "Druzynowe Mistrzostwa Polski w Szachach I LIGA 2021"]
[Site "Szklarska Poreba"]
[Date "1899-12-30"]
[Round "9.18"]
[White "Dwilewicz, Katarzyna"]
[Black "Adamczyk, Zuzanna"]
[Result "0-1"]
[WhiteTitle "WFM"]
[BlackTitle "WCM"]
[WhiteElo "2092"]
[BlackElo "2055"]

1. e4 c6 2. d4 d5 3. Nc3 dxe4 4. Nxe4 Nf6 5. Nxf6+ exf6 6. c3 Bd6 7. Bd3 O-O 8.
Qc2 Re8+ 9. Ne2 h5 10. Be3 Nd7 11. O-O-O Nf8 12. c4 Be6 13. Kb1 Rc8 14. Nc3 Bb4
15. Qb3 Bxc3 16. Qxc3 b5 17. b3 Re7 18. Be2 Rb7 19. Ka1 h4 20. Bf3 bxc4 21. bxc4
Qd6 22. c5 Qd8 23. Rb1 Rd7 24. Be4 f5 25. Bc2 Qf6 26. Rhd1 f4 27. Bc1 Rcd8 28.
Bb2 Bd5 29. g3 g6 30. Rd2 fxg3 31. fxg3 h3 32. Re2 Ne6 33. Re5 Qf3 34. Re3 Qf6
35. Rbe1 Nc7 36. Re5 Nb5 37. Qe3 Kg7 38. g4 Qh4 39. Bd3 Nc7 40. Be2 Qxe1+ 41.
Bc1 Rh8 42. g5 Ne6 0-1

[Event "Druzynowe Mistrzostwa Polski w Szachach I LIGA 2021"]
[Site "Szklarska Poreba"]
[Date "1899-12-30"]
[Round "9.19"]
[White "Kowalski, Igor"]
[Black "Antoniewski, Rafal"]
[Result "1/2-1/2"]
[WhiteTitle "FM"]
[BlackTitle "GM"]
[WhiteElo "2378"]
[BlackElo "2493"]

1. d4 d5 2. Nf3 Nf6 3. c4 dxc4 4. e3 e6 5. Bxc4 c5 6. O-O Nc6 7. dxc5 Bxc5 8. Qxd8+
Kxd8 9. b3 Ke7 10. Bb2 b6 11. Nbd2 Bb7 12. a3 a5 13. Rfd1 Rhd8 14. h3 Rac8 15.
Rac1 Nb8 16. Nd4 Ne8 17. Nb5 Nd6 18. Bf1 Nxb5 19. Bxb5 f6 20. Nc4 Rxd1+ 21. Rxd1
Bc6 22. Bxc6 Nxc6 23. Rc1 Rc7 1/2-1/2

[Event "Druzynowe Mistrzostwa Polski w Szachach I LIGA 2021"]
[Site "Szklarska Poreba"]
[Date "1899-12-30"]
[Round "9.20"]
[White "Cyborowski, Lukasz"]
[Black "Sanz, Wawer Daniel"]
[Result "1/2-1/2"]
[WhiteTitle "GM"]
[BlackTitle "FM"]
[WhiteElo "2495"]
[BlackElo "2359"]

1. b3 Nf6 2. Bb2 e6 3. Nf3 b6 4. g3 Bb7 5. Bg2 Be7 6. O-O O-O 7. c4 c5 8. Nc3 d5
9. e3 Nbd7 10. Qe2 Rc8 11. Rac1 Qc7 12. Rfd1 Qb8 13. cxd5 Nxd5 14. d4 Nxc3 15.
Bxc3 cxd4 16. Bxd4 Rxc1 17. Rxc1 Bf6 18. Bxf6 Nxf6 19. Nd4 Rc8 20. Rxc8+ Qxc8
21. Bxb7 Qxb7 22. Qc4 Nd5 23. b4 Qc7 24. Qxc7 Nxc7 25. e4 f6 26. f4 Kf7 27. Kf2
Ke8 28. Ke3 Kd7 29. Kd3 e5 30. fxe5 fxe5 31. Nf3 Kd6 32. Ng5 h6 33. Nf3 b5 34.
Nh4 Ke6 35. Nf5 1/2-1/2

[Event "Druzynowe Mistrzostwa Polski w Szachach I LIGA 2021"]
[Site "Szklarska Poreba"]
[Date "1899-12-30"]
[Round "9.21"]
[White "Chylewski, Patryk"]
[Black "Protaziuk, Grzegorz"]
[Result "0-1"]
[WhiteTitle "FM"]
[BlackTitle "m"]
[WhiteElo "2301"]
[BlackElo "2333"]

1. d4 Nf6 2. c4 e6 3. Nf3 d5 4. g3 Be7 5. Bg2 O-O 6. O-O c6 7. Qc2 Nbd7 8. Nbd2
b6 9. e4 dxc4 10. Nxc4 Bb7 11. h4 h6 12. Ne3 Re8 13. Rd1 c5 14. d5 exd5 15. e5
Nh7 16. Nxd5 Nhf8 17. Qf5 Qc8 18. Qg4 Ng6 19. e6 Nf6 20. Nxf6+ Bxf6 21. exf7+
Kxf7 22. Rd7+ Re7 23. Qc4+ Kf8 24. Rd6 Rf7 25. Qd3 Ne7 26. Bf4 Nf5 27. Bh3 Bxb2
28. Rd1 c4 29. Qe2 Ba3 30. Bxf5 Rxf5 31. Rd7 Qc6 32. R1d6 Bxd6 33. Bxd6+ Kg8 34.
Qe7 Qxd7 35. Qxd7 Rf7 36. Qe6 Bxf3 37. Qxc4 Rd8 38. Qb4 Rf6 39. Qb3+ Kh8 40. g4
Rdxd6 41. g5 hxg5 42. hxg5 Rf5 43. Qd5 0-1